Most Populous Counties in Tennessee - Statistics

General Stats
  • This quiz has been taken 19 times
  • The average score is 8 of 15
Answer Stats
Population County % Correct
701,400 {Davidson} County
94%
478,423 {Knox} County
94%
938,768 {Shelby} County
76%
374,826 {Hamilton} County
65%
347,561 {Rutherford} County
65%
130,803 {Washington} County
65%
98,960 {Sevier} County
59%
159,846 {Sullivan} County
59%
251,280 {Williamson} County
59%
216,355 {Montgomery} County
47%
100,615 {Maury} County
41%
136,602 {Blount} County
35%
110,230 {Bradley} County
29%
198,869 {Sumner} County
24%
152,063 {Wilson} County
24%
No matching quizzes found
Score Distribution
Percent of People with Each Score
Percentile by Number Answered
Your Score History
You have not taken this quiz